{"text_format":"3","workbook":"xls","n_sheets":1,"sheets":["Sheet1"],"read":"whole","date_system":"1900","formulas":"cached_only"}

{"sheet":"Sheet1","index":0,"n_rows":69,"n_cols":6,"rows_kept":69,"flags":["formulas_cached_only"]}
["子目号","子目名称","单位","数量","单价","合价"]
["101-1","保险费","","","",""]
["101-1-a","按合同条款规定,提供建筑工程一切险","总额",1,1569830,1569830]
["101-1-b","按合同条款规定,提供第三方责任险","总额",1,60000,60000]
["102-1","竣工文件","总额",1,200000,200000]
["102-3","安全生产费","总额",1,500000,500000]
["102-4","纵横工程管理软件(暂估价)","总额",1,100000,100000]
["103-1","临时道路修建、养护与拆除(包括原道路的养护费)","","","",""]
["103-1-a","临时道路","总额",1,1628162,1628162]
["103-2","临时用地","总额",1,57350,57350]
["103-3","临时供电设施"]
["103-3-a","设施架设、拆除","总额",1,941452,941452]
["103-3-b","设施维护","总额",1,50000,50000]
["103-4","电信设施的提供、维修与拆除","总额",1,50771,50771]
["203-1","路基挖方","","","",""]
["203-1-a","挖土方","m3",524213.67,7.53,3947329]
["203-1-d","挖淤泥","m3",51899.4,17.03,883847]
["204-1","路基填筑(包括填前压实)","","","",""]
["204-1-b","利用土方","m3",46900.67,6.72,315173]
["204-1-e","借土填方","m3",246066,16.95,4170819]
["204-1-g","回填粗粒土","m3",10600,9.25,98050]
["204-1-j","回填片石","m3",27238.4,107.78,2935755]
["205-1-o","单向格栅","m2",16350,14.96,244596]
["207-1","M7.5浆砌片石边沟","m"]
["207-1-b","M7.5浆砌片石边沟","m3",1620,109.6,177552]
["207-2-a","M7.5浆砌片石排水沟","m",7388,131.02,967976]
["207-3-a","M7.5浆砌片石截水沟","m",1690,347.23,586819]
["207-4-a","M7.5浆砌片石急流槽","m3",1559,294.5,459126]
["208-1","植物护坡","",null,"",""]
["208-1-a","植草","m2",86062.5,3.32,285728]
["208-3-a","拱形浆砌片石护坡","m3",5810.73,126.53,735232]
["209-1-a","浆砌片（块）石挡墙","m3",3472.7,268.47,932316]
["304-2","搭板、埋板下水泥稳定土底基层（4%）","m2",71.2,111.78,7959]
["403-1","基础钢筋(包括灌注桩、承台、沉柱、沉井等)","","",""]
["403-1-a","光圆钢筋(HPB235、HPB300)","kg",5834.8,6.01,35067]
["403-1-b","带肋钢筋(HRB335、HRB400)","kg",146359.1,6.01,879618]
["403-2","下部结构钢筋","","","",""]
["403-2-a","光圆钢筋(HPB235、HPB300)","kg",3981.8,6.28,25006]
["403-2-b","带肋钢筋(HRB335、HRB400)","kg",158721.6,6.22,987248]
["403-3","上部结构钢筋","","","",""]
["403-3-a","光圆钢筋(HPB235、HPB300)","kg",60941.22,6.29,383320]
["403-3-b","带肋钢筋(HRB335、HRB400)","kg",227408.77,6.29,1430401]
["403-4","附属结构钢筋","","","",""]
["403-4-a","光圆钢筋(HPB235、HPB300)","kg",122.74,6.5,798]
["403-4-b","带肋钢筋(HRB335、HRB400)","kg",14768.4,6.4,94518]
["405-1","孔深60m内陆上钻孔灌注桩","","","",""]
["405-1-a","桩径130cm","m",180,2231.26,401627]
["405-1-b","桩径150cm","m",184,2983.69,548999]
["405-1-c","桩径160m","m",364,4177.78,1520712]
["410-1","混凝土基础(包括支撑梁、桩基承台,但不包括桩基)","","","",""]
["410-1-b","C25混凝土","m3",186.6,464.99,86767]
["410-1-c","C30混凝土","m3",327.6,518.88,169985]
["410-2","混凝土下部结构（包括柱墩、台身、盖梁、系梁、耳背墙等）","","","",""]
["410-2-a","C25混凝土","m3",29.1,450.11,13098]
["410-2-b","C30混凝土","m3",650.2,358.97,233402]
["410-2-c","C35混凝土","m3",386.1,519.25,200482]
["410-6","现浇混凝土附属结构","","","",""]
["410-6-c","C30混凝土","m3",71.84,526.78,37844]
["410-6-h","C50小石子混凝土","m3",0.6,527.65,317]
["410-7-c","C50混凝土","m3",17.3,1001.23,17321]
["411-5","后张法预应力钢绞线","kg",45492,15.19,691023]
["411-7","现浇预应力混凝土上部结构","","",""]
["411-7-a","C50混凝土","m3",1330.06,1124.82,1496078]
["413-1","浆砌片石"]
["413-1-a","M7.5浆砌片石","m3",48.67,302.4,14718]
["417-5-a","(20cm×20cm×3cm)","块",64,400,25600]
["418-3-c","1-Ф1.5m以内圆管涵","m",227.37,889.76,202305]
["420-1-b","1-2.00m×2.00m盖板涵","m",111.07,2605.26,289366]
["420-1-c","1-4.00m×3.00m盖板涵","m",81.86,5238.45,428820]